Atlético de Madrid Squad 2022-2023 - Statistics

General Stats
  • This quiz has been taken 328 times
    189 since last reset
  • The average score is 22 of 26
Answer Stats
# Position Nation Player % Correct
13 GK Slovenia Jan Oblak
99%
10 FW Argentina Ángel Correa
97%
8 FW France Antoine Griezmann
97%
7 FW Portugal João Félix
97%
2 DF Uruguay José María Giménez
97%
6 MF Spain Koke
97%
5 MF Argentina Rodrigo de Paul
97%
15 DF Montenegro Stefan Savic
95%
9 FW Netherlands Memphis Depay
94%
- Coach Argentina Diego Simeone
93%
21 FW Belgium Yannick Carrasco
93%
16 DF Argentina Nahuel Molina
88%
17 MF Spain Saúl Ñíguez
88%
20 MF Belgium Axel Witsel
87%
4 MF Central African Republic Geoffrey Kondogbia
86%
14 MF Spain Marcos Llorente
86%
23 DF Mozambique Reinildo Mandava
86%
11 MF France Thomas Lemar
86%
22 DF Spain Mario Hermoso
84%
19 FW Spain Álvaro Morata
81%
9 FW Brazil Matheus Cunha
79%
18 DF Brazil Felipe
78%
1 GK Croatia Ivo Grbić
75%
12 DF Ireland Matt Doherty
75%
24 MF Spain Pablo Barrios
54%
3 DF Spain Sergio Reguilón
52%
No matching quizzes found
Score Distribution
Percent of People with Each Score
Percentile by Number Answered
Your Score History
You have not taken this quiz since the last reset